Výkaz mzdy a služného v průmyslových podnicích

Gespeichert in:
Bibliographische Detailangaben
Format: Buch
Sprache:Tschechisch
Veröffentlicht: Praha Expedice 1935
Tags: Tag hinzufügen
Keine Tags, Fügen Sie das erste Tag hinzu!

MARC

LEADER 00000nam a2200000 4500
001 0268158
005 20240822101711.5
041 0 |a cze 
044 |a CZ 
245 1 0 |a Výkaz mzdy a služného v průmyslových podnicích  |c Karel Žlábek 
264 1 |a Praha  |b Expedice  |c 1935